| 000 | 00389nam a2200145Ia 4500 | ||
|---|---|---|---|
| 008 | 210716s2006 xx 000 0 und d | ||
| 020 | _a8184290098 | ||
| 041 | _aeng | ||
| 082 | _a338.9 RAOM | ||
| 100 | _aRao, M Prasada. | ||
| 245 | _aLabour force participation and economic development. | ||
| 250 | _a1 | ||
| 260 |
_aAmbala Cantt. _bAssociated Publishers _c2006 |
||
| 300 | _axxviii,377 | ||
| 999 |
_c198856 _d198856 |
||